Super Mario Galaxy Power Stars (Fountain) - Statistics

General Stats
  • This quiz has been taken 42 times
  • The average score is 10 of 16
Answer Stats
Galaxy Star % Correct
Tarantox’s Tangled {Web}
89%
Rolling Green Galaxy {Rolling} in the Clouds
82%
Topmaniac and the {Topman} Tribe
82%
Battlerock’s {Garbage} Dump
75%
Topmaniac’s {Daredevil} Run
71%
Breaking into the {Battlerock}
68%
{Luigi} under the Saucer
68%
{Purple} {Coin} Spacewalk
68%
{Kamella}’s Airship Attack
61%
Space Junk Galaxy {Pull} Star Path
61%
{Pull} Star Path Speed Run
61%
{Yoshi}’s Unexpected Appearance
61%
{Purple} {Coins} on the Battlerock
54%
Bowser’s Star Reactor The Fiery {Stronghold}
43%
Battlerock Galaxy Battlerock {Barrage}
29%
Hurry Scurry Galaxy Shrinking {Satellite}
29%
No matching quizzes found
Score Distribution
Percent of People with Each Score
Percentile by Number Answered
Your Score History
You have not taken this quiz